000 00606nam a22002177a 4500
003 UA-OsUOA
001 59163
007 ta
008 20090312b un ||||| |||| 00| 0 ukr d
100 _aГончар А.Ф.
090 _a330
_bГ65
942 _cSA
040 _aUA-OsUOA
_bukr
_cUA-OsUOA
_dUA-OsUOA
245 _aВартісні (цінові) і граничні показники
300 _aС.24-29
955 _a0
041 _aukr
080 _a330
773 0 _w59159
_tЕкономіка. Фінанси. Право.
_dК.
_d2009
_g1
650 7 _a330 Економіка взагалі
_2UDC
999 _c345251
_d345251